Score 0/30 Timer 07:00
0 Plays Today
IRL Conference Answer % Correct
PAC 12UCLA
100%
ACCGeorgia Tech
100%
PAC 12Arizona
100%
SECMissouri
100%
ACCDuke
100%
PAC 12Utah
100%
PAC 12Oregon
100%
ACCVirginia Tech
100%
Big 10Ohio State
100%
Ivy LeagueHarvard
100%
PAC 12Washington
100%
ACCClemson
100%
Big 12Texas
100%
ACCMiami
100%
SECKentucky
100%
IRL Conference Answer % Correct
West CoastGonzaga
80%
Big 12Iowa State
80%
Big 10Michigan State
80%
AmericanHouston
80%
Mountain WestSan Diego State
80%
ACCNorth Carolina State
80%
PAC 12Colorado
80%
Big 12Kansas
80%
PAC 12USC
80%
Big 12Baylor
80%
AmericanMemphis
80%
AmericanUCF
60%
Missouri ValleyLoyola Chicago
40%
ACCVirginiaUVA
0%
SECFloridaUF
0%
Remove Ads.
Support Sporcle.
Get the best of Sporcle when you Go Orange. This ad-free experience offers more features, more stats, and more fun while also helping to support Sporcle. Thank you for becoming a member.

You're not logged in!

Compare scores with friends on all Sporcle quizzes.
OR
Log In

Sporcle TV

Today on Sporcle TV


Watch our educational content, quiz creation guides, and fun videos on Sporcle TV.

Show Comments

Extras

Top Quizzes Today


Score Distribution

Paid Content

Your Account Isn't Verified!

In order to create a playlist on Sporcle, you need to verify the email address you used during registration. Go to your Sporcle Settings to finish the process.

Report this User

Report this user for behavior that violates our Community Guidelines.

Details: